|
|
|
|
| LEADER |
00000cam a2200000 a 4500 |
| 001 |
vtls010516449 |
| 003 |
SK-MaSNL |
| 005 |
20260301033943.0 |
| 008 |
180216s2013 xo o g 001 0 slo |
| 015 |
|
|
|a SNBA2016/11
|
| 020 |
|
|
|a 9788089590414
|q (viaz.)
|
| 035 |
|
|
|a E4BF87BD-B006-4AC0-8FA3-D1E2AC60C1D9
|
| 035 |
|
|
|a urn:nbn:sk:snk-amyfzv
|
| 035 |
|
|
|a urn:nbn:sk:snk-am00cm4a
|
| 040 |
|
|
|a SNK
|b slo
|c SNK
|e AACR2
|
| 041 |
0 |
|
|a slo
|
| 044 |
|
|
|a xo
|c SK
|
| 072 |
|
7 |
|a 641
|x Kuchárstvo. Potraviny. Varené jedlá
|2 konspekt
|
| 080 |
|
|
|a 641.55
|2 2011
|
| 080 |
|
|
|a 641.522.6
|2 2011
|
| 080 |
|
|
|a (083.12)
|2 2011
|
| 080 |
|
|
|a (048.8)
|2 2011
|
| 245 |
0 |
0 |
|a Babičkina kuchyňa
|c [zostavila Tyihák Katalin ; recepty Horváth Ilona ; fotografie Csigó László, Patyi Árpád]
|
| 250 |
|
|
|a 1. vyd.
|
| 260 |
|
|
|a [Nové Zámky]
|b Ex book
|c 2013
|
| 300 |
|
|
|a 112 s.
|b fotogr.
|c 31 cm
|
| 500 |
|
|
|a Miesto vydav. podľa ISBN
|
| 504 |
|
|
|a Register
|
| 650 |
0 |
7 |
|a jedlá
|2 SNKPH
|
| 650 |
0 |
7 |
|a Meals
|2 SNKPHeng
|9 311382
|
| 650 |
0 |
7 |
|a Cooking
|2 SNKPHeng
|9 294598
|
| 650 |
0 |
7 |
|a varenie
|2 SNKPH
|9 4177
|
| 655 |
|
7 |
|a kuchárske recepty
|2 SNKPH
|9 70493
|
| 655 |
|
7 |
|a Cookbooks
|2 SNKPHeng
|9 270340
|
| 655 |
|
7 |
|a monografie
|2 SNKPH
|9 70139
|
| 655 |
|
7 |
|a Monographs
|2 SNKPHeng
|9 120675
|
| 700 |
1 |
|
|a Tyihák, Katalin
|4 com
|9 333986
|
| 700 |
1 |
|
|a Csigó, László
|4 pht
|9 331556
|
| 700 |
1 |
|
|a Patyi, Árpád
|4 pht
|9 333987
|
| 700 |
1 |
|
|a Horváth, Ilona
|4 aut
|9 331555
|
| 852 |
|
|
|a Štátna vedecká knižnica v Banskej Bystrici
|
| 919 |
|
|
|a 978-80-89590-41-4
|
| 999 |
|
|
|c 580974
|d 582904
|
| 952 |
|
|
|a SNK
|b SNK
|y PREZ
|7 0
|p 17A1069929
|o snkSB 85173
|i snk2013/14963
|8 0
|0 0
|1 0
|4 0
|d 2013-06-27
|f 1
|l 0
|r 2025-05-09 00:00:00
|w 2026-02-23
|
| 952 |
|
|
|a SNK
|b SNK
|y VYP
|7 0
|p 17A1069928
|o snkSB 85173 D1
|i snk2013/14964
|8 0
|0 0
|1 0
|4 0
|d 2013-06-27
|l 0
|r 2016-06-30 00:00:00
|w 2026-02-23
|